000 00638cam a22002293a 4500
001 1393
003 PGUSA
005 20140828083000.0
008 980701s1998||||xxu|||||s|||||000 p eng d
040 _aPGUSA
_beng
042 _adc
050 4 _aPR
100 1 _aClough, Arthur Hugh,
_d1819-1861
245 1 0 _aAmours De Voyage
_h[electronic resource] /
_cArthur Hugh Clough
260 _bProject Gutenberg,
_c1998
506 _aPublic domain in the USA.
516 _aElectronic text
653 _aVoyages and travels -- Poetry
830 0 _aProject Gutenberg
_v1393
856 4 0 _uhttp://www.gutenberg.org/ebooks/1393
942 _cEB
999 _c230741
_d230741